miasta w Polsce na literę N - Statystyki

Ogólne statystyki
  • Ten quiz został rozwiązany 42 razy
  • Średni wynik to 17 z 38
Statystyki odpowiedzi
województwo miasto % Poprawnych
małopolskie Nowy Targ
87%
małopolskie Nowy Sącz
84%
opolskie Nysa
82%
lubelskie Nałęczów
66%
opolskie Namysłów
61%
lubuskie Nowa Sól
61%
kujawsko - pomorskie Nowe
61%
podkarpackie Nisko
58%
kujawsko - pomorskie Nakło nad Notecią
55%
warmińsko - mazurskie Nidzica
55%
mazowieckie Nowe Miasto
53%
mazowieckie Nowy Dwór Mazowiecki
53%
wielkopolskie Nowy Tomyśl
53%
pomorskie Nowy Dwór Gdański
50%
małopolskie Niepołomice
47%
warmińsko - mazurskie Nowe Miasto Lubawskie
47%
zachodniopomorskie Nowogard
45%
dolnośląskie Nowa Ruda
39%
podlaskie Nowogród
39%
mazowieckie Nasielsk
37%
opolskie Niemodlin
37%
kujawsko - pomorskie Nieszawa
37%
lubuskie Nowe Miasteczko
37%
podkarpackie Nowa Dęba
34%
mazowieckie Nowe Miasto nad Pilicą
34%
pomorskie Nowy Staw
34%
małopolskie Nowy Wiśnicz
34%
podkarpackie Narol
32%
podkarpackie Nowa Sarzyna
32%
świętokrzyskie Nowa Słupia
32%
małopolskie Nowe Brzesko
32%
zachodniopomorskie Nowe Warpno
32%
wielkopolskie Nekla
29%
dolnośląskie Nowogrodziec
29%
dolnośląskie Niemcza
26%
wielkopolskie Nowe Skalmierzyce
26%
lubuskie Nowogród Bobrzański
26%
świętokrzyskie Nowy Korczyn
26%
Nie znaleziono quizów pasujących do podanych kryteriów
Rozkład punktacji
Procent ludzi z każdym wynikiem
Percentyl według liczby udzielonych odpowiedzi
Twoja historia wyników
Nie rozwiązałeś tego quizu